Statistics for If it were a country...

Click here to take the quiz!

General Stats

  • This quiz has been taken 10 times
  • The average score is 5 of 24

Answer Stats

Hint Answer % Correct
CaliforniaWhat would its capital be?Sacramento
100%
ScotlandWhat would its capital be?Edinburgh
80%
Hong KongWhat would its capital be?Hong Kong
70%
GreenlandWhat would its capital be?Nuuk
70%
KoreaWhat would its capital be?Probably Seoul
60%
GuamWhich country would it be closest in size to?Saint Lucia
20%
Hong KongWhich country would it be closest in size to?Sao Tome and Principe
10%
GreenlandWhich country would it be closest in size to?Saudi Arabia
10%
GreenlandWhich country would it be closest in population to?Marshall Islands
10%
ScotlandWhich country would it be closest in population to?Eritrea
10%
GuamWhat would its capital be?Agana
10%
Basque CountryWhich country would it be closest in size to?Brunei
10%
Basque CountryWhich country would it be closest in population to?Gabon
10%
WalloniaWhich country would it be closest in size to?Eswatini
10%
KoreaWhich country would it be closest in size to?Laos
10%
Hong KongWhich country would it be closest in population to?Togo
0%
ScotlandWhich country would it be closest in size to?Czech Republic
0%
Basque CountryWhat would its capital be?Vitoria
0%
WalloniaWhich country would it be closest in population to?Georgia
0%
WalloniaWhat would its capital be?Namur
0%
KoreaWhich country would it be closest in population to?Turkey
0%
CaliforniaWhich country would it be closest in size to?Iraq
0%

Score Distribution

Percentile by Number Answered

Percent of People with Each Score

Your Score History

You have not taken this quiz